000 02271nam0a22004691 4500
001 RU\NLR\A1\1532
005 20260405214610.0
035 _a(NLR Aleph) 009671684
090 _a9664268
_c9664268
100 _a19961218d1789 m y0rusy50 ca
101 0 _arus
102 _aRU
135 _acrcn 024anaba
140 _ay y aayaa0000
200 1 _aВелико-российская победоносная ода над шведами
210 _a[Б.м.
_d1789?]
215 _a[4] c.
_d
300 _aПародия на торжеств. оды.
300 _aБез тит. л.
300 _aВ конце текста подпись: "Иван Доброхотов Ч..." (псевдоним Д.П.Горчакова)
300 _aСудя по содержанию, пародия была написана в 1789 г. и издана, по-видимому, тогда же. Напечатана на бумаге с водяным знаком 1788 г.
316 _aЭкз. РНБ (18.167.3.425) в обл. из серо-голубой бумаги. На 1-й с. обл. ярлык с шифром РНБ. На с.[4] круглый штамп ГПБ. Размер: 21,3х18,4х0,1 см.
_5NLR: 18.167.3.425
321 1 _aСК XVIII 1585
325 _aКопия доступна в Электрон. б-ке РНБ
700 1 _4070
_8rus
_7ca
_aГорчаков
_bД. П.
_f1758-1824
_gДмитрий Петрович
_3RU\NLR\AUTH\7797544
_980470
790 1 _6z01700
_aДоброхотов Ч...
_bИ.
_gИван
801 0 _aRU
_bNLR
_c19961218
852 _aNLR
_j18.167.3.425
856 0 _uhttp://vivaldi.nlr.ru/bx000017943/view
856 1 _uhttp://vivaldi.nlr.ru/bx000017943/cover
856 2 _uhttp://vivaldi.nlr.ru/bx000017943/text
899 _aГПИБ
942 _cBOOK
980 _aNB
980 3 _akpcivil
980 3 _akp
980 _aA1XVIIIv
981 2 0 _a(20) Книжные памятники РНБ
_b(20) Русский книжный фонд